Hams i peixos / (Record no. 171480)

MARC details
000 -LEADER
campo de control de longitud fija 00492nam a22001575i 4500
001 - NÚMERO DE CONTROL
campo de control 171480
003 - IDENTIFICADOR DE NÚMERO DE CONTROL
campo de control ES-MaACL
005 - FECHA Y HORA DE LA ÚLTIMA TRANSACCIÓN
campo de control 20230906214638.0
008 - DATOS DE LONGITUD FIJA--INFORMACIÓN GENERAL
campo de control de longitud fija 090518s1971 sp |||| | cat d
100 1# - ENTRADA PRINCIPAL--NOMBRE DE PERSONA
Nombre de persona Solà i Forch, Ferran.
9 (RLIN) 140197
245 10 - MENCIÓN DEL TÍTULO
Título Hams i peixos /
Mención de responsabilidad, etc. Ferran Solà i Forch ; proleg de M. Freixes i Fontdevila.
260 ## - PUBLICACIÓN, DISTRIBUCIÓN, ETC.
Lugar de publicación, distribución, etc. Barcelona :
Nombre del editor, distribuidor, etc. Pulide,
Fecha de publicación, distribución, etc. [1971]
300 ## - DESCRIPCIÓN FÍSICA
Extensión 283 p. ;
Dimensiones 22 cm.
700 1# - ENTRADA AGREGADA--NOMBRE PERSONAL
Nombre de persona Freixes i Fontdevila, M.
9 (RLIN) 140198
852 ## - LOCALIZACIÓN
Ubicación ES-MaACL
Número de control de estantería C-45170
itemnumber R.79550
Holdings
Estatus retirado Estado de pérdida Estado de daño No para préstamo Biblioteca de origen Biblioteca actual Ubicación en estantería Fecha de adquisición Fuente de adquisición Total de préstamos Signatura topográfica completa Código de barras Visto por última vez Precio de reemplazo Tipo de ítem Koha
        Biblioteca del Ateneo de Madrid Biblioteca del Ateneo de Madrid Depósito 2 18/05/2009     C-45170 1179955 23/02/2023 23/02/2023 Libro impreso